| 000 | 00715nam a2200241Ia 4500 | ||
|---|---|---|---|
| 003 | OSt | ||
| 005 | 20220930065514.0 | ||
| 006 | a|||||r|||| 00| 0 | ||
| 007 | ta | ||
| 008 | 220926b |||||||| |||| 00| 0 eng d | ||
| 024 | _a5698 | ||
| 037 | _cTheses | ||
| 040 |
_aCRL _cCRL _beng |
||
| 041 |
_2eng _aeng |
||
| 100 | _aPradhan Radhe Shyam | ||
| 110 | _aUniversity of Delhi. Faculty of Social Sciences. Department of Commerce | ||
| 245 | 0 | _aWorking capital management in Nepalese public corporations | |
| 260 | _c1985 | ||
| 650 | _aCOMMERCE | ||
| 700 | _aUniversity of Delhi. Faculty of Social Sciences. Department of Commerce | ||
| 942 |
_cDIS _2CC |
||
| 999 |
_c859641 _d859641 |
||